| 000 | 00604nam a2200229Ia 4500 | ||
|---|---|---|---|
| 003 | OSt | ||
| 005 | 20220918205419.0 | ||
| 006 | a|||||r|||| 00| 0 | ||
| 007 | ta | ||
| 008 | 220917b |||||||| |||| 00| 0 eng d | ||
| 024 | _a116,481 | ||
| 037 | _cTextual | ||
| 040 |
_aARTS _cARTS _beng |
||
| 041 |
_2eng _aeng |
||
| 082 | _aV592BO:10x9:275.N1, K3 | ||
| 100 |
_aSugar P F _9115049 |
||
| 245 | 0 | _aIndustrialization of Bosnia Hercegovina 1878-1918 | |
| 260 | _c1963 | ||
| 650 | _aHISTORY | ||
| 942 |
_hV592BO:10x9:275.N1, K3 _cTEXL _2CC |
||
| 999 |
_c239808 _d239808 |
||